| Tag |
First Indicator |
Second Indicator |
Subfields |
| LEADER |
00000cam a2200000Ia 4500 |
| 001 |
in00002464621 |
| 005 |
20151110094834.0 |
| 008 |
871204s18uu maua 001 1 eng d |
| 035 |
|
|
|a (OCoLC)ocm17186744
|
| 035 |
|
|
|a (OCoLC)17186744
|
| 040 |
|
|
|a LYU
|c LYU
|d OCL
|d MR0
|d OCLCQ
|d OCLCG
|d TXA
|d UtOrBLW
|
| 043 |
|
|
|a e-uk-st
|
| 049 |
|
|
|a TXAM
|
| 050 |
|
4 |
|a PZ3.S4
|b F
|
| 090 |
|
|
|a PR5317
|b .F3 1800z
|
| 092 |
|
|
|a 828.4
|b S431fa
|
| 100 |
1 |
|
|a Scott, Walter,
|d 1771-1832.
|
| 245 |
1 |
4 |
|a The fair maid of Perth :
|b or St. Valentine's day : chronicles of the Canongate--Second Series ; The Antiquary /
|c Sir Walter Scott.
|
| 264 |
|
1 |
|a Boston :
|b DeWolfe, Fiske,
|c [between 1800 and 1899?]
|
| 300 |
|
|
|a 455, 409 pages :
|b illustrations ;
|c 19 cm.
|
| 336 |
|
|
|a text
|b txt
|2 rdacontent
|
| 337 |
|
|
|a unmediated
|b n
|2 rdamedia
|
| 338 |
|
|
|a volume
|b nc
|2 rdacarrier
|
| 500 |
|
|
|a Includes indexes.
|
| 536 |
|
|
|a The Cushing Library/Rare Books copy is a gift of Harrison T. Meserole.
|
| 651 |
|
0 |
|a Scotland
|x History
|y Robert III, 1390-1406
|v Fiction.
|
| 651 |
|
0 |
|a Scotland
|x History
|y 18th century
|v Fiction.
|
| 740 |
0 |
|
|a Antiquary.
|
| 948 |
|
|
|a cataloged
|b h
|c 2009/4/20
|d c
|e bhartsfi
|f 12:22:37 pm
|
| 994 |
|
|
|a C0
|b TXA
|
| 999 |
|
|
|a MARS
|
| 999 |
f |
f |
|s f20cfd32-fd78-35c9-ba59-151332e3248c
|i f6127358-bb31-3e29-97d7-8e5ee2fbd483
|t 0
|
| 952 |
f |
f |
|p noncirc
|a Texas A&M University
|b College Station
|c Cushing Memorial Library & Archives
|d Cushing: Rare Books (Does not check out)
|t 0
|e PR5317 .F3 1800z
|h Library of Congress classification
|i unmediated -- volume
|
| 998 |
f |
f |
|a PR5317 .F3 1800z
|t 0
|l Cushing: Rare Books (Does not check out)
|